| 000 | 00523nam a2200181Ia 4500 | ||
|---|---|---|---|
| 008 | 240729s9999 xx 000 0 und d | ||
| 022 | _a1961-9987 | ||
| 245 | 0 | _aAfrican Journal of Urology | |
| 260 | _aUnited Kingdom | ||
| 260 | _bSpringerOpen | ||
| 650 | _a Diseases of the genitourinary system. Urology | ||
| 650 | _a Internal medicine | ||
| 650 | _a Specialties of internal medicine | ||
| 650 | _aMedicine | ||
| 856 | _uhttps://doaj.org/toc/81b75afb87bc427d998cdfeeeb6500f3 | ||
| 942 | _2ddc | ||
| 942 | _cDOAJEJ | ||
| 999 |
_c66720 _d66720 |
||
| 945 |
_a1 _bMadushi Gamage _c1 _dMadushi Gamage |
||